000 00256nam a22001217a 4500
040 _cSCME
100 _aWhite Frank M.
_93282
245 _aFluid Mechanic
250 _a8th
260 _aNew York
_bMcGraw Hill
_c2016
300 _a807p.
942 _2ddc
_cBK
999 _c592688
_d592688